Fortines del desierto : mojones de civilización /
Guardado en:
| Autor Principal: | |
|---|---|
| Formato: | Libro |
| Publicado: |
Buenos Aires :
Talleres Gr ficos Lito,
1969
|
| Materias: | |
| Etiquetas: |
Agregar Etiqueta
Sin Etiquetas, Sea el primero en etiquetar este registro!
|
| LEADER | 00502nam a22001695a 4500 | ||
|---|---|---|---|
| 001 | CEM.cems005298 | ||
| 005 | 20060220000000.0 | ||
| 008 | 130507s1969##################000#0#####d | ||
| 003 | CEMS | ||
| 082 | 0 | 4 | |a 982.04 |
| 100 | 1 | |a Raone, Juan Mario | |
| 245 | 1 | 0 | |a Fortines del desierto : |b mojones de civilización / |
| 260 | |a Buenos Aires : |b Talleres Gr ficos Lito, |c 1969 | ||
| 300 | |a t.3 347 | ||
| 653 | |a Historia | ||
| 653 | |a Historia argentina | ||
| 859 | |a CEMS |b BIB. CEMS - 11 de abril |h 982.04 |i R18/3 |p 13314.85 |t Ej.1 | ||
